Responses for show #77 - Tuesday, December 25, 1984

Jerry Frankel game 2.

Missing introductions, J! round and first 2 clues of DJ! round.

Contestants

Michael, from

Fran, from

Jerry Frankel, a musician originally from Buffalo, New York (whose 1-day cash winnings total $3,800)

Jeopardy! Round responses

A
B
C
D
E
F
    $100 1
(F)

=

Fran
Triple Stumper
    $200 2
=

Michael
    $300 3
=

Jerry
    $400 4
=

Jerry
    $500 5
(F)

=

Fran
Triple Stumper

Scores at the first commercial break (after clue 15):

Jerry Fran Michael
$700 -$600 $200

Scores at the end of the Jeopardy! Round:

Jerry Fran Michael
$700 -$600 $200

Double Jeopardy! Round responses

ARMED FORCES
INSECTS
"STATE" NAMES
POTENT POTABLES
TRANSPORTATION
U.S. HISTORY
    $200 22
bees

Fran
    $200 6
(Michael: [*]...Who is [*]?)

Tennessee Williams

Michael
    $200 1
=

Michael
    $200 2
=

Michael
    $200 9
Truman

Michael
    $400 23
boll weevils

Michael
    $400 7
(Fran: ...)

Florida

FranMichael
    $400 4
(Michael: What is ale?)

stout

FranMichael
    $400 3
(Michael: What is National?)
(Fran: What is American?)

Eastern

JerryFranMichael
    $400 10
Pennsylvania

Fran
    $600 24
antennae

Michael
    $600 8
Nevada Smith

Jerry
    $600 5
mint julep

Michael
    $700 18
(Michael: What is the "Rock Island Line"?)

"M.T.A."

Michael
    $600 15
Humphrey

Jerry
    $800 13
(Michael: Who is Philadel..Who is Philadelphia?)

Minnesota Fats

FranMichael
    $800 11
Amontillado

Fran
    $800 19
The 20th Century

Jerry
    $800 16
(Michael: Who is Powell?)
(Alex: Be a little more specific.)

Adam Clayton Powell

Michael
    $1000 21
monarch

Michael
    $1000 14
(Fran: ...)
(Alex: Oh, you rang in without knowing it.)
(Fran: Will Roge...Who is Will Rogers?)

Montie Montana

Fran
Triple Stumper
    $1000 12
sloe berry (plums)

Fran
    $1000 20
(Fran: What are faucets?)
(Michael: What are train cars?)
(Alex: Jerry?)
(Jerry: [Opting not to ring in] Beats me.)

truck trailers (semis)

FranMichael
Triple Stumper
    $1000 17
slaves

Michael

Scores at the end of the Double Jeopardy! Round:

Jerry Fran Michael
$3,100 $200 $2,500

[wagering suggestions for these scores]

Final Jeopardy! Round responses

WORLD CAPITALS
FranWhat is Havana, Cuba?
$100
MichaelWhat is Havana
$2,000
JerryWhat is Ottawa?
$2,000
Ottawa

Final scores:

Jerry Fran Michael
$5,100 $100 $500
2-day champion: $8,900 3rd place: Benrus quartz watches 2nd place: La-Z-Boy Signature II sleep sofa & R.R. Scheibe Co. set of 4 snack tables

Game dynamics:

Coryat scores:

Jerry Fran Michael
$3,100 $200 $3,200
6 R,
0 W
6 R,
6 W
12 R,
5 W
(including 1 DD)

Combined Coryat: $6,500

The J! Archive is created by fans, for fans. The Jeopardy! game show and all elements thereof, including but not limited to copyright and trademark thereto, are the property of Jeopardy Productions, Inc. and are protected under law. This website is not affiliated with, sponsored by, or operated by Jeopardy Productions, Inc. Join the discussion at JBoard.tv.